[Event "AUTO-INT-3881"]
[Site "http://www.queenalice.com/game.php?id=1850804"]
[Date "2025.1.23"]
[Round "2"]
[White "fbenevides2019"]
[Black "newgame"]
[Result "1-0"]
[WhiteElo "1777"]
[BlackElo "1514"]

1. e4 e5 2. Nf3 Nc6 3. a3 Nf6 4. Nc3 h6 5. Bc4 d6 6. h3 a6 7. O-O b5 8. Bd3 Bb7
9. Re1 Nd4 10. Nxd4 exd4 11. Ne2 c5 12. Nf4 c4 13. Be2 Bxe4 14. d3 Bf5 15. Bf3+
Be7 16. Bxa8 Qxa8 17. Qe2 Nd5 18. Nxd5 Qxd5 19. Qxe7# 1-0

[Event "AUTO-INT-3881"]
[Site "http://www.queenalice.com/game.php?id=1850805"]
[Date "2025.1.23"]
[Round "2"]
[White "newgame"]
[Black "JoseMessias"]
[Result "0-1"]
[WhiteElo "1531"]
[BlackElo "1708"]

1. d4 d5 2. Nc3 Nc6 3. Nf3 Bg4 4. h3 Bxf3 5. gxf3 e5 6. dxe5 d4 7. Ne4 Nxe5 8.
b3 Bb4+ 9. Bd2 Bxd2+ 10. Qxd2 f5 11. Qf4 fxe4 12. Qxe5+ Qe7 13. Qxe4 Qxe4 14.
fxe4 O-O-O 15. O-O-O Nf6 16. f3 Nh5 17. Rg1 c5 18. h4 g6 19. Bh3+ Kb8 20. Rg5
Nf4 21. Bf1 h6 22. Rxc5 b6 23. Rc4 b5 24. Rc5 a6 25. Rc6 Kb7 26. Rf6 Nh5 27.
Rxg6 Nf4 28. Rg4 Ne6 29. Rg6 Nf4 30. Rf6 Nh5 31. Rf5 Ng3 32. Rf7+ Kc8 33. Bh3+
Kb8 34. Kd2 a5 35. Rg1 Rhg8 36. c3 dxc3+ 37. Kxc3 Nxe2+ 38. Kc2 Nxg1 39. Bg4 Rg6
40. Bd7 Nxf3 41. Bxb5 Nd4+ 0-1

[Event "AUTO-INT-3881"]
[Site "http://www.queenalice.com/game.php?id=1850806"]
[Date "2025.1.23"]
[Round "2"]
[White "JoseMessias"]
[Black "newgame"]
[Result "1-0"]
[WhiteElo "1708"]
[BlackElo "1540"]

1. e4 e5 2. d4 exd4 3. Qxd4 Nc6 4. Qd5 h6 5. Bc4 Qf6 6. g4 Nge7 7. Qd2 b6 8. h4
Qf3 9. Nxf3 Bb7 10. g5 h5 11. Qf4 O-O-O 12. Ne5 Ng6 13. Nxg6 fxg6 14. Bf7 Bd6
15. Bxg6 Ne5 16. Bf5 Nc4 17. Qf3 Rde8 18. Qh3 Bxe4 19. Bxd7+ Kd8 20. b3 Bxh1+
21. Bxe8 Rxe8+ 22. Kf1 Bd5 23. bxc4 Bxc4+ 24. Kg2 Re1 25. Nd2 Bd5+ 26. Nf3 Be6
27. Nxe1 Bxh3+ 28. Kxh3 Bc5 29. f4 g6 30. Nd3 Bd4 31. a4 Bxa1 32. Bb2 Bxb2 33.
Nxb2 Kc8 34. Nc4 Kd7 35. Ne5+ Ke6 36. Nxg6 Kf7 37. Ne5+ Ke6 38. g6 Kf6 39. Kg3
Kg7 40. f5 a6 41. Kf4 Kf6 42. Nd7+ Kg7 43. Kg5 b5 44. axb5 axb5 45. f6+ 1-0

[Event "AUTO-INT-3918"]
[Site "http://www.queenalice.com/game.php?id=1852636"]
[Date "2025.2.22"]
[Round "1"]
[White "NickThorp"]
[Black "newgame"]
[Result "1-0"]
[WhiteElo "1583"]
[BlackElo "1512"]

1. e4 e5 2. Nf3 Nc6 3. Bb5 f6 4. d3 Nge7 5. Nc3 a6 6. Ba4 b5 7. Bb3 Bb7 8. Be3
d5 9. exd5 b4 10. Ne4 Nxd5 11. Bxd5 Qxd5 12. a3 bxa3 13. bxa3 Qa5+ 14. Bd2 Qd5
15. O-O Bd6 16. Nxd6+ cxd6 17. Rb1 Rb8 18. Re1 O-O 19. Be3 a5 20. c4 Qe6 21. h3
d5 22. cxd5 Qxd5 23. a4 e4 24. dxe4 Qxe4 25. Qd7 Rfd8 26. Qg4 Qxg4 27. hxg4 Ne5
28. Nxe5 fxe5 29. Bb6 Rd4 30. Bxd4 h6 31. Rxe5 g6 32. f4 Kf7 33. Rxa5 Be4 34.
Rxb8 h5 35. gxh5 gxh5 36. Rxh5 1-0

[Event "AUTO-INT-3918"]
[Site "http://www.queenalice.com/game.php?id=1852637"]
[Date "2025.2.22"]
[Round "1"]
[White "newgame"]
[Black "NickThorp"]
[Result "1-0"]
[WhiteElo "1504"]
[BlackElo "1623"]

1. e4 e5 2. Nf3 Nc6 3. Bb5 a6 4. Bxc6 dxc6 5. b3 Bg4 6. Bb2 Bd6 7. d3 Nf6 8. Qd2
O-O 9. Nxe5 Bxe5 10. Bxe5 Re8 11. Bf4 Qd4 12. c3 Qc5 13. b4 Qe7 14. h3 Be6 15.
c4 b5 16. Na3 bxc4 17. dxc4 Nxe4 18. Qd4 Nd6 19. O-O Nf5 20. Qd2 Red8 21. Qc3 h6
22. c5 Rab8 23. Nc4 Bxc4 24. Qxc4 Rd4 25. Qc1 Rbxb4 26. Re1 Qf6 27. Be5 Qg5 28.
Qxg5 hxg5 29. Bxd4 Nxd4 30. Re8+ Kh7 31. Rae1 f6 32. Rc8 Rb7 33. Re4 Nf5 34. g4
Nh6 35. Ree8 Rb1+ 36. Kg2 Rc1 37. Rxc7 Rxc5 38. Ra8 a5 39. Raa7 Nf5 40. gxf5
Rxf5 41. Rxg7+ Kh6 42. Rh7+ Kg6 43. Rag7# 1-0

[Event "AUTO-INT-3918"]
[Site "http://www.queenalice.com/game.php?id=1852658"]
[Date "2025.2.22"]
[Round "1"]
[White "Jomaley"]
[Black "newgame"]
[Result "0-1"]
[WhiteElo "1507"]
[BlackElo "1487"]

1. e4 e5 2. d3 Nc6 3. c3 Nf6 4. Bg5 Bc5 5. g3 h6 6. Bxf6 Qxf6 7. f3 g5 8. b4 Bd6
9. b5 Ne7 10. Bh3 Bc5 11. d4 exd4 12. cxd4 Bxd4 13. Nd2 Bxa1 14. Nb3 Bc3+ 15.
Nd2 c6 16. bxc6 bxc6 17. Kf2 Qd4+ 18. Ke2 Ba6+ 19. Ke1 Rb8 20. Ne2 Bxe2 21. Qxe2
Rb1+ 22. Qd1 Bxd2+ 23. Ke2 Qe3+ 0-1

[Event "AUTO-INT-3918"]
[Site "http://www.queenalice.com/game.php?id=1852659"]
[Date "2025.2.22"]
[Round "1"]
[White "newgame"]
[Black "Jomaley"]
[Result "1-0"]
[WhiteElo "1514"]
[BlackElo "1455"]

1. e4 e5 2. Nf3 Bd6 3. d4 Qf6 4. Nc3 exd4 5. Nxd4 Bb4 6. f3 Qh4+ 7. g3 Bxc3+ 8.
bxc3 Qf6 9. h4 Nc6 10. Bg5 Qd6 11. Bf4 Qe7 12. Bh3 Nxd4 13. cxd4 d6 14. O-O Bxh3
15. Re1 h6 16. Kh2 Qd7 17. g4 Bxg4 18. fxg4 O-O-O 19. c4 Nf6 20. e5 dxe5 21.
Bxe5 Rhe8 22. Kh3 Rxe5 23. Rxe5 g5 24. hxg5 hxg5 25. Rxg5 b6 26. Qf3 Rh8+ 27.
Kg3 Qd6+ 28. Qf4 Qa3+ 29. Qf3 Qxf3+ 30. Kxf3 Rh3+ 31. Kf4 Rc3 32. Rf5 Ne8 33. c5
bxc5 34. Rb1 cxd4 35. Rxf7 Nd6 36. Rh7 d3 37. Ke5 d2 38. Ke6 Ne4 39. Rh8# 1-0

[Event "AUTO-INT-3931"]
[Site "http://www.queenalice.com/game.php?id=1856853"]
[Date "2025.5.7"]
[Round "1"]
[White "Yanni"]
[Black "newgame"]
[Result "0-1"]
[WhiteElo "1364"]
[BlackElo "1474"]

1. e4 e5 2. Nf3 Nc6 3. Bc4 Nf6 4. Ng5 Qe7 5. Nxf7 Rg8 6. Ng5 h6 7. Nf3 Rh8 8. a3
d6 9. Nc3 a6 10. d3 Be6 11. h3 g5 12. Be3 O-O-O 13. Nd2 b5 14. Bxe6+ Qxe6 15.
Nb3 d5 16. a4 bxa4 17. Rxa4 d4 18. Nc5 Bxc5 19. Bd2 dxc3 20. bxc3 a5 21. O-O h5
22. Bxg5 Rdf8 23. Rc4 Bb6 24. d4 Qxc4 25. dxe5 Nxe4 26. Bh4 Nxe5 27. Kh2 Nxc3
28. Qe1 Ng6 29. Bg3 h4 30. Be5 Nxe5 31. Qxe5 Qxf1 32. Qxc3 Rh5 33. Qg7 Qxf2 34.
Qg4+ Rhf5 35. Qxh4 Qxh4 36. Kh1 Qg3 37. c4 Rf1# 0-1

[Event "AUTO-INT-3931"]
[Site "http://www.queenalice.com/game.php?id=1856854"]
[Date "2025.5.7"]
[Round "1"]
[White "newgame"]
[Black "Yanni"]
[Result "1-0"]
[WhiteElo "1483"]
[BlackElo "1309"]

1. e4 e5 2. Nf3 Bb4 3. Bc4 Nf6 4. c3 Bc5 5. d3 Ng4 6. O-O Qf6 7. Bg5 Qg6 8. b4
Bd6 9. Bb3 h6 10. Be3 Nc6 11. a3 Ne7 12. Bc5 b6 13. Bxd6 Qxd6 14. h3 Nf6 15. d4
Nh5 16. g3 Qf6 17. dxe5 Qg6 18. Qd4 O-O 19. Nbd2 d6 20. exd6 cxd6 21. Nc4 Be6
22. e5 d5 23. g4 dxc4 24. Bxc4 Bc8 25. Kh2 Bxg4 26. hxg4 Rad8 27. Qe3 Qxg4 28.
Be2 Nf5 29. Rg1 Nhg3 30. fxg3 g5 31. Qf2 h5 32. Nd4 Qe4 33. Nxf5 h4 34. gxh4
Qxe5+ 35. Kh1 f6 36. hxg5 Kf7 37. g6+ Ke6 38. g7 Rg8 39. Nh6 Qe4+ 40. Bf3 Qf4
41. Nxg8 Rxg8 42. Rad1 Qh6+ 43. Qh2 Qe3 44. Qd6+ Kf5 45. Rd5+ Qe5 46. Qxe5+ fxe5
47. b5 Kf4 48. Bh5 Kf5 49. Bf7 Rxg7 50. Rxg7 Ke4 51. Rd7 a5 52. bxa6 Kf5 53. Bc4
Kf4 54. Rd5 e4 55. Re7 Ke3 56. Rde5 Kf3 57. Rxe4 Kf2 58. Rf7+ Kg3 59. Re8 Kg4
60. Rg8+ Kh5 61. Rh7# 1-0

[Event "AUTO-INT-3931"]
[Site "http://www.queenalice.com/game.php?id=1856869"]
[Date "2025.5.7"]
[Round "1"]
[White "Ruusgugg"]
[Black "newgame"]
[Result "0-1"]
[WhiteElo "1328"]
[BlackElo "1473"]

1. f4 d5 2. Nf3 Nf6 3. b4 b5 4. a4 c6 5. axb5 cxb5 6. Ra5 a6 7. d3 d4 8. Bb2 Nc6
9. Ra3 h6 10. Nxd4 Nxd4 11. e3 Nc6 12. d4 e6 13. c3 Bb7 14. c4 Bxb4+ 15. Rc3
Bxc3+ 16. Bxc3 b4 17. Bb2 g6 18. d5 exd5 19. cxd5 Na5 20. d6 O-O 21. Be5 Ne4 22.
Qa4 f6 23. Bd4 Rc8 24. Kd1 Nf2+ 25. Kd2 Nxh1 26. Qxb4 Rb8 27. Bb6 Qd7 28. Qxa5
Qxd6+ 29. Bd4 Be4 30. Bc4+ Kg7 31. Nc3 Nf2 32. Nxe4 Nxe4+ 33. Ke2 Qc6 34. Qa2
Nd6 35. Bd5 Qb5+ 36. Kf2 Nf5 37. Bc4 Qd7 38. Bc5 Rfc8 39. Qa5 Rb2+ 40. Kf3 Qd1+
41. Ke4 Re8+ 42. Be6 Rxe6# 0-1

[Event "AUTO-INT-3931"]
[Site "http://www.queenalice.com/game.php?id=1856870"]
[Date "2025.5.7"]
[Round "1"]
[White "newgame"]
[Black "Ruusgugg"]
[Result "0-1"]
[WhiteElo "1528"]
[BlackElo "1331"]

1. c4 f5 2. d3 d5 3. b3 d4 4. Bb2 b6 5. Nf3 Bb7 6. g3 c5 7. Bg2 Qc7 8. O-O f4 9.
g4 h5 10. e3 fxe3 11. fxe3 hxg4 12. Ng5 Qxh2+ 13. Kf2 Qxg2+ 14. Ke1 dxe3 15. Nc3
Bf3 16. Qc1 e2 17. Rf2 Qg1+ 18. Kd2 Qxf2 19. Nxe2 Qxe2+ 20. Kc3 Bc6 21. b4 g3
22. Qf4 cxb4+ 23. Kd4 Qxb2+ 24. Ke3 Qxa1 25. Qc7 Qe1+ 26. Kd4 Bd7 27. Nf3 Qf2+
28. Ke4 g2 0-1

[Event "AUTO-INT-3931"]
[Site "http://www.queenalice.com/game.php?id=1856881"]
[Date "2025.5.7"]
[Round "1"]
[White "newgame"]
[Black "Jomaley"]
[Result "0-1"]
[WhiteElo "1465"]
[BlackElo "1450"]

1. e4 e5 2. Nf3 Bd6 3. Bc4 Qf6 4. d3 Bb4+ 5. c3 Bd6 6. Bg5 Qg6 7. Qd2 f6 8. Be3
b5 9. Bxb5 Qxg2 10. Rg1 Qxf3 11. Qe2 Qxe2+ 12. Kxe2 a6 13. Bc4 g5 14. Nd2 Nc6
15. Nf3 Nh6 16. d4 exd4 17. cxd4 Na5 18. Bd5 Ra7 19. e5 fxe5 20. dxe5 Be7 21.
Bxa7 c6 22. Bb3 g4 23. Nd4 Rf8 24. Bb6 Nb7 25. Bc2 Bg5 26. Bc5 Nxc5 27. Bxh7 Rf4
28. Rad1 Nf7 29. Bg6 Bh4 30. Bxf7+ Kxf7 31. Ke3 Re4+ 32. Kd2 Rxd4+ 33. Kc3 Rxd1
34. Rxd1 Bxf2 35. Rf1 Ne4+ 36. Kd3 Nc5+ 37. Kc4 Ne4 38. Kb4 c5+ 39. Kb3 Ke6 40.
Kc2 Bd4 41. Rf4 Kxe5 42. Rxg4 a5 43. Kd3 Nf2+ 0-1

[Event "AUTO-INT-3931"]
[Site "http://www.queenalice.com/game.php?id=1856882"]
[Date "2025.5.7"]
[Round "1"]
[White "Jomaley"]
[Black "newgame"]
[Result "1-0"]
[WhiteElo "1499"]
[BlackElo "1504"]

1. e4 e5 2. d3 Nc6 3. Be3 b6 4. g3 Bc5 5. Bxc5 bxc5 6. c4 Nf6 7. Bh3 Bb7 8. Ne2
d5 9. exd5 Nd4 10. O-O c6 11. dxc6 Bxc6 12. Nxd4 cxd4 13. b4 a6 14. a4 O-O 15.
b5 Bd7 16. bxa6 Rxa6 17. Bxd7 Qxd7 18. Qf3 Rfa8 19. Nd2 Rxa4 20. Rae1 Ra2 21.
Rxe5 Rxd2 22. Qxa8+ 1-0

[Event "Let's Play Chess!"]
[Site "http://www.queenalice.com/game.php?id=1858542"]
[Date "2025.6.9"]
[Round "-"]
[White "newgame"]
[Black "alterego"]
[Result "0-1"]
[WhiteElo "1488"]
[BlackElo "1546"]

1. e4 g6 2. Nf3 Bg7 3. d4 a6 4. Bc4 e6 5. Nc3 b5 6. Bb3 Ne7 7. Bf4 O-O 8. d5
exd5 9. exd5 d6 10. a3 Bg4 11. Qd3 Nd7 12. O-O-O Nc5 13. Qe3 Nf5 14. Qe2 Nd4 15.
Qd2 Ndxb3+ 16. Kb1 Nxd2+ 17. Rxd2 Bf5 18. Re1 Nb3 19. Rdd1 Na5 20. Bg5 f6 21.
Bf4 Bd7 22. Nd4 f5 23. Re3 Nc4 24. Re2 c5 25. Nf3 Qa5 26. Re7 b4 27. Na2 Bxb2
28. Nd2 Qb5 29. Nxc4 bxa3 30. Nxa3 Bxa3+ 0-1

[Event "Let's Play Chess!"]
[Site "http://www.queenalice.com/game.php?id=1858543"]
[Date "2025.6.9"]
[Round "-"]
[White "alterego"]
[Black "newgame"]
[Result "1-0"]
[WhiteElo "1560"]
[BlackElo "1486"]

1. d4 Nc6 2. g3 Nf6 3. Bg2 d5 4. Nf3 e6 5. a3 h6 6. b4 b5 7. Nc3 a6 8. O-O Bd6
9. Qd3 Bb7 10. e3 O-O 11. Ne2 Ng4 12. c3 Qf6 13. Nf4 e5 14. Nxd5 Qe6 15. dxe5
Ncxe5 16. Nxe5 Bxd5 17. Bxd5 Qxe5 18. Bxa8 Rxa8 19. f3 Nf6 20. f4 Qe4 21. Qxe4
Nxe4 22. Bb2 c5 23. Rfd1 Be7 24. Rd7 Re8 25. Ra7 Rd8 26. Rxe7 Kf8 27. Rxe4 cxb4
28. cxb4 Rd2 29. Rc1 Kg8 30. Re7 Rxb2 31. Rc8+ Kh7 32. Rxf7 Kg6 33. Rcc7 Kh5 34.
Rxg7 1-0

[Event "AUTO-INT-3940"]
[Site "http://www.queenalice.com/game.php?id=1860863"]
[Date "2025.7.31"]
[Round "1"]
[White "Yanni"]
[Black "newgame"]
[Result "1-0"]
[WhiteElo "1452"]
[BlackElo "1448"]

1. e4 c5 2. Nc3 Nc6 3. Nd5 e6 4. Nf4 Nf6 5. Bd3 Bd6 6. g3 O-O 7. Qf3 Nd4 8. Qe3
e5 9. Nfh3 h6 10. c3 Nc6 11. Bc4 Na5 12. Be2 b6 13. Nf3 c4 14. b4 Nc6 15. Bxc4
a6 16. Nh4 b5 17. Bb3 Bb7 18. Nf5 Qc7 19. g4 1-0

[Event "AUTO-INT-3940"]
[Site "http://www.queenalice.com/game.php?id=1860864"]
[Date "2025.7.31"]
[Round "1"]
[White "newgame"]
[Black "Yanni"]
[Result "0-1"]
[WhiteElo "1432"]
[BlackElo "1468"]

1. c4 e5 2. d3 Bb4+ 3. Bd2 Bc5 4. Nf3 h6 5. Nxe5 Qe7 6. Bf4 d6 7. Nf3 Nf6 8. h3
Bf5 9. Nbd2 Bb4 10. e4 Bd7 11. a3 Bc5 12. d4 Bb6 13. Bd3 Nc6 14. Nb3 a6 15. O-O
g5 16. Be3 O-O-O 17. c5 dxc5 18. d5 Ne5 19. Nxe5 g4 20. h4 Nh5 0-1

[Event "AUTO-INT-3940"]
[Site "http://www.queenalice.com/game.php?id=1860877"]
[Date "2025.7.31"]
[Round "1"]
[White "Ruusgugg"]
[Black "newgame"]
[Result "1-0"]
[WhiteElo "1351"]
[BlackElo "1431"]

1. e4 c5 2. Nc3 a6 3. d4 cxd4 4. Nd5 Nf6 5. Nxf6+ exf6 6. g4 Bc5 7. c4 dxc3 8.
bxc3 b5 9. h4 Bb7 10. Qd3 O-O 11. Nf3 b4 12. Qc4 d6 13. g5 Qd7 14. gxf6 d5 15.
exd5 Qd6 16. fxg7 Re8+ 17. Be2 Kxg7 18. Rg1+ Kh8 19. Qg4 Nd7 20. Qg7# 1-0

[Event "AUTO-INT-3940"]
[Site "http://www.queenalice.com/game.php?id=1860878"]
[Date "2025.7.31"]
[Round "1"]
[White "newgame"]
[Black "Ruusgugg"]
[Result "1-0"]
[WhiteElo "1417"]
[BlackElo "1365"]

1. c4 b6 2. d4 d5 3. Nd2 dxc4 4. Nxc4 Ba6 5. b3 b5 6. Ne3 g5 7. g4 Bg7 8. Bb2 e5
9. dxe5 Nd7 10. Bg2 Rb8 11. Bc6 Kf8 12. Qd3 Bc8 13. Nf5 Bxe5 14. Bd4 Bxd4 15.
Qxd4 Rb6 16. Rc1 Ne7 17. Qg7+ Ke8 18. Qxh8+ Ng8 19. Qxg8# 1-0

[Event "AUTO-INT-3941"]
[Site "http://www.queenalice.com/game.php?id=1861284"]
[Date "2025.8.7"]
[Round "1"]
[White "newgame"]
[Black "renet54"]
[Result "1-0"]
[WhiteElo "1412"]
[BlackElo "1620"]

1. c4 e5 2. Nf3 d6 3. e4 Nf6 4. d4 Bg4 5. Nc3 Nbd7 6. Bd3 exd4 7. Nd5 Ne5 8. Bg5
Be7 9. h3 Be6 10. O-O O-O 11. Nxd4 Bxd5 12. cxd5 Qd7 13. Bb5 c6 14. dxc6 bxc6
15. Bxc6 Nxc6 16. Qa4 Rfc8 17. Rac1 h6 18. Be3 Nxe4 19. Nxc6 Nf6 20. Nxe7+ Qxe7
21. Rxc8+ Rxc8 22. Qa6 Ne4 23. Qxc8+ Kh7 24. Rc1 Qe5 25. Qd7 Qxb2 26. Qxf7 Nxf2
27. Rc7 Nxh3+ 28. Kh2 Ng5 29. Bxg5 hxg5 30. Qf5+ Kh6 31. Rc8 Qxa2 32. Rh8# 1-0